Normal view
MARC view
- Brown, Martin C
Entry Personal Name
001 - CONTROL NUMBER
- control field: 69317
003 - CONTROL NUMBER IDENTIFIER
- control field: NUST
005 - DATE AND TIME OF LATEST TRANSACTION
- control field: 20210628204220.0
008 - FIXED-LENGTH DATA ELEMENTS
- fixed length control field: 210628|| aca||aabn | a|a d
040 ## - CATALOGING SOURCE
- Original cataloging agency: NUST
- Transcribing agency: NUST
100 ## - HEADING--PERSONAL NAME
- Personal name: Brown, Martin C
670 ## - SOURCE DATA FOUND
- Source citation: Work cat.: (NUST): Brown, Martin C, Perl [electronic resource] : the complete reference , New York
